000 01154cab a22002294i 4500
001 768714001
003 CO-MdFUSB
005 20230403161424.0
008 180716s1996 gt ||||| |||| 00| 0 spa d
022 _a1014-9341
040 _aCO-MdFUSB
_bspa
_cCO-MdFUSB
_dCO-MdFUSB
041 _aspa
100 1 _aGonzález, Magda Galvez de
_eautor
245 0 0 _aLista de términos menos usados en el Antiguo Testamento
_c/ Licda. Magda de González
300 _aNúmero 19 (Julio - Diciembre, 1996), páginas 59-73
_c; 22 cm
520 _aEste trabajo facilita la lectura del texto hebreo de Jueces y Rut, proveyendo traducciones al castellano de los vocablos más desconocidos, en el orden en que éstos van apareciendo en el texto bíblico. También señala dónde cada palabra se trata en el léxico BDB y en Strong's Exhaustive Concordance.
630 0 7 _aBiblia.
_pAntiguo Testamento
_vÍndices
650 7 _923
_aBiblia y literatura
773 0 _tKairós
_049489
_961225
_gNúmero 19 (Julio - Diciembre, 1996), páginas 59-73
_qPágina 9
773 0 _049489
_981324
_gNúmero 19 (Julio - Diciembre, 1996), páginas 59-73
_qpáginas 9
_tKairós
942 _cANA
999 _c61429
_d61429